| 000 | 00529nam a2200193Ia 4500 | ||
|---|---|---|---|
| 003 | GCL | ||
| 008 | 140319s9999 xx 000 0 eng d | ||
| 040 |
_aGCL / _cGCL |
||
| 082 | 0 | 4 |
_a892.76 _bA A |
| 100 | 1 | _aABDEL MALEK, ANWAR | |
| 245 | 1 | 0 |
_aANTHOLOGIE DE LA LITTERATURE ARABE CONTEMPORAINE:LES ESSAIS / _cABDEL MALEK, ANWAR |
| 260 |
_a[S.N] : _bEDITIONS DU SEUIL ، _c1965 |
||
| 300 | _a487 | ||
| 650 | 0 | 4 | _aLITERATURE |
| 650 | 0 | 4 | _aARABIC LITERATURE |
| 650 | 0 | 4 | _aANTHOLOGY |
| 650 | 0 | 4 | _aARABIC ESSAYS |
| 942 |
_2ddc _cBK |
||
| 999 |
_c25510 _d25510 |
||